|
|
|
|
| LEADER |
00000nam0a2200000 4500 |
| 001 |
343004 |
| 005 |
20231102005519.0 |
| 010 |
|
|
|a 5768401733
|
| 035 |
|
|
|a (RuTPU)RU\TPU\book\372643
|
| 090 |
|
|
|a 343004
|
| 100 |
|
|
|a 20190531d1997 km y0rusy50 ca
|
| 101 |
1 |
|
|a rus
|c eng
|
| 102 |
|
|
|a RU
|
| 105 |
|
|
|a y z 001zy
|
| 200 |
1 |
|
|a Всё об упаковке. Эволюция и секреты коробок, бутылок, консервных банок и тюбиков
|e пер. с англ.
|f Т. Хайн
|
| 210 |
|
|
|a Санкт-Петербург
|c Азбука-Терра
|d 1997
|
| 215 |
|
|
|a 283 с.
|
| 320 |
|
|
|a Библиогр.: с. 270-280
|
| 330 |
|
|
|a Книга Томаса Хайна "Все об упаковке" — одна из первых в новой издательской серии "Азбука-бизнес". В ней подробно и увлекательно рассказывается вся история упаковки от древней Месопотамии до Мэдисон-авеню, от "тети Джемаймы" до Мадонны, от "Маrlbого" до "McDonalds". Заглянув в эту книгу, читатель откроет для себя удивительный мир, таящийся в самых обычных коробках, банках, бутылочках, тюбиках. Он узнает о том, как они защищают, сохраняют, информируют, предлагают, привлекают и, наконец, заставляют сделать покупку... Не пропуская серьезного и смешного, автор пишет о промышленных магнатах, инженерах-изобретателях, торговых предпринимателях, психологах и художниках, то есть о тех, кто стремится сделать искусство упаковки одним из вкладов Америки в мировую культуру.
|
| 606 |
1 |
|
|a Маркетинг
|x Зарубежный опыт
|2 stltpush
|3 (RuTPU)RU\TPU\subj\73482
|9 86460
|
| 610 |
1 |
|
|a экономика
|
| 610 |
1 |
|
|a маркетинговые технологии
|
| 610 |
1 |
|
|a торговля
|
| 610 |
1 |
|
|a упаковка
|
| 610 |
1 |
|
|a дизайн
|
| 610 |
1 |
|
|a потребители
|
| 610 |
1 |
|
|a супермаркеты
|
| 610 |
1 |
|
|a промышленные товары
|
| 610 |
1 |
|
|a эстетическое восприятие
|
| 610 |
1 |
|
|a оформление
|
| 610 |
1 |
|
|a психологические особенности
|
| 686 |
|
|
|a У821.4
|v LBC/SL-A
|2 rubbk
|
| 700 |
|
1 |
|a Хайн
|b Т.
|g Томас
|
| 801 |
|
1 |
|a RU
|b 63413507
|c 20190531
|
| 801 |
|
2 |
|a RU
|b 63413507
|c 20190627
|g RCR
|
| 942 |
|
|
|c BK
|